Thiết kế bài giảng tiếng việt 1
Enregistré dans:
| Auteur principal: | |
|---|---|
| Autres auteurs: | |
| Format: | Livre |
| Langue: | Undetermined |
| Publié: |
H.
Đh Quốc gia
2002
|
| Sujets: | |
| Accès en ligne: | http://lrc.tdmu.edu.vn/opac/search/detail.asp?aID=2&ID=4292 |
| Tags: |
Ajouter un tag
Pas de tags, Soyez le premier à ajouter un tag!
|
| Thư viện lưu trữ: | Trung tâm Học liệu Trường Đại học Thủ Dầu Một |
|---|
| LEADER | 00688nam a2200205Ia 4500 | ||
|---|---|---|---|
| 001 | TDMU_4292 | ||
| 008 | 210410s9999 xx 000 0 und d | ||
| 082 | |a 372.6072 | ||
| 090 | |b NG525 | ||
| 100 | |a Nguyễn, Tại | ||
| 245 | 0 | |a Thiết kế bài giảng tiếng việt 1 | |
| 245 | 0 | |c Nguyễn Tại | |
| 260 | |a H. | ||
| 260 | |b Đh Quốc gia | ||
| 260 | |c 2002 | ||
| 300 | |a 420tr | ||
| 650 | |a Tiếng việt |x Giảng dạy và học tập; Sách giáo viên lớp 1 | ||
| 700 | |a Lê, Thị Thu Huyền | ||
| 856 | |u http://lrc.tdmu.edu.vn/opac/search/detail.asp?aID=2&ID=4292 | ||
| 980 | |a Trung tâm Học liệu Trường Đại học Thủ Dầu Một | ||